Album Covers by Letter - I - Statistics

General Stats
  • This quiz has been taken 140 times
  • The average score is 7 of 16
Answer Stats
Picture Answer % Correct
In Utero - Nirvana
82%
Igor - Tyler, the Creator
81%
Illmatic - Nas
68%
In the Zone - Britney Spears
64%
In the Court of the Crimson King - King Crimson
63%
Is This It - The Strokes
54%
I Never Loved a Man the Way I Love You - Aretha Franklin
50%
An Innocent Man - Billy Joel
46%
Iron Maiden - Iron Maiden
43%
Innervisions - Stevie Wonder
34%
It Takes a Nation of Millions to Hold Us Back - Public Enemy
33%
Illinois - Sufjan Stevens
30%
Imaginal Disk - Magdalena Bay
29%
Infest - Papa Roach
26%
Innerspeaker - Tame Impala
24%
I'm with You - Red Hot Chili Peppers
18%
No matching quizzes found
Score Distribution
Percent of People with Each Score
Percentile by Number Answered
Your Score History
You have not taken this quiz